000 00868nam a2200313Ia 4500
001 5566
003 IT-RoPAU
008 130308s9999 xx 000 0 und d
040 _aIT-RoPAU
040 _cIT-RoPAU
041 _aITALIANO
100 _aCorbi Gianni
100 _gCodice Aut. SPICS: 7805
245 _aDue parole su di noi
245 _bEspresso 1955-1980 (L')-25 Anni
250 _a1a ed.
260 _aROMA
260 _bEspresso Strumenti
260 _c1981 [1° Ed.:1981 - Ed.Ling.Originale:1981]
300 _a"20 p. (prefazione: no ; testo: 20 [pagine: 5-24])"
650 _aSTORIA NAZIONALE DELLA STAMPA DI MASSA
650 _eCodice materia Spics: 6659
700 _aScalfari EugenioZanetti Livio
700 _gCodice Aut. SPICS: 1548Codice Aut. SPICS: 3392
942 _cBK
957 _71
999 _c49830
_d49830
999 _bSI
999 _g1